| 000 | 00372nam a2200133 i 4500 | ||
|---|---|---|---|
| 001 | 45438 | ||
| 003 | ES-MaACL | ||
| 007 | t| | ||
| 008 | 030326s1885 it ||||1| ita d | ||
| 100 | 1 |
_aCogliolo, Pietro. _939474 |
|
| 245 | 1 | 0 |
_aSaggi sopra l'evoluzione del diritto privato / _cPrieto Cogliolo. |
| 260 |
_aTorino : _bFratelli Bocca, _c1885. |
||
| 852 |
_aES-MaACL _jT-918-F-2 |
||
| 999 |
_c45438 _d45438 |
||